00321nam a2200121Ia 4500008004100000041000800041082001400049100002000063245004500083260002700128300003300155365001100188240624s9999 xx 000 0 und d aeng a658.4 VER aVERCELLIS CARLO aBUSINESS INTELLIGENCE DATA MINING AND OP c2009aNew DelhibWiley axviii, : 417 : p. : cm. ; 23 cRSb31